EM Kader 2020 Portugal - Statistiken

Allgemein
  • Dieses Quiz wurde 79 mal gespielt
  • Das Durchschnittsergebnis liegt bei 16 aus 27
Antwortstatistiken
Position Verein Antwort % Korrekt
ST Juventus Cristiano Ronaldo
94%
MF Manchester City Bernardo Silva
88%
MF Manchester United Bruno Fernandes
86%
ST Eintracht Frankfurt Andre Silva
85%
DF Manchester City Ruben Dias
85%
GK Grenada Rui Silva
83%
ST Liverpool Diogo Jota
82%
DF BVB Raphael Guerreiro
82%
ST Atletico Madrid Joao Felix
80%
MF Benfica Rafa Silva
79%
GK Wolverhampton Rui Patricio
77%
DF Porto Pepe
74%
GK OL Lyon Anthony Lopes
67%
MF Wolverhampton Ruben Neves
56%
MF Lille OSC Renato Sanches
55%
DF Lille OSC Jose Fonte
53%
MF Wolverhampton Joao Moutinho
52%
MF Paris Saint-Germain Danilo
47%
ST Valencia Goncalo Guedes
47%
MF Real Betis William Carvalho
41%
Trainer Portugal Fernando Santos
39%
DF AC Milan Diogo Dalot
38%
DF Wolverhampton Nelson Semedo
38%
DF Sporting Nuno Mendes
29%
MF Sporting Pedro Goncalves
27%
MF Sporting Joao Palhinha
17%
MF Porto Sergio Oliveira
15%
Keine übereinstimmenden Quizze gefunden
Verteilung der Resultate
Anzahl Personen mit jedem Resultat
Perzentil nach korrekt beantworteten Fragen
Ihre Resultats-Entwicklung
Sie haben dieses Quiz noch nicht gespielt